Una medida alternativa de la pobreza en el Gran Buenos Aires: 1989-1994 (Registro nro. 16566)
[ vista simple ]
| 000 -LEADER | |
|---|---|
| fixed length control field | 00364 a2200109 4500 |
| 001 - CONTROL NUMBER | |
| control field | ART_3630 |
| 005 - DATE AND TIME OF LATEST TRANSACTION | |
| control field | 20260410161716.0 |
| 008 - FIXED-LENGTH DATA ELEMENTS--GENERAL INFORMATION | |
| fixed length control field | 260409a |
| 100 1# - MAIN ENTRY--PERSONAL NAME | |
| Personal name | Petrecolla, Diego |
| 245 10 - TITLE STATEMENT | |
| Title | Una medida alternativa de la pobreza en el Gran Buenos Aires: 1989-1994 |
| 773 0# - HOST ITEM ENTRY | |
| Title | Desarrollo económico |
| Related parts | - Vol. 36, Nº 141 (abr./jun. 1996) |
| Record control number | REV1174 |
No hay ítems disponibles.